| 000 | 00837cam a2200277 i 4500 | ||
|---|---|---|---|
| 999 |
_c200443092 _d61304 |
||
| 001 | 200443092 | ||
| 003 | TR-AnTOB | ||
| 005 | 20240426105600.0 | ||
| 007 | ta | ||
| 008 | 210819s1976 tu 000 0 tur d | ||
| 040 |
_aTR-AnTOB _beng _erda _cTR-AnTOB _dTR-AnTOB |
||
| 041 | 0 | _atur | |
| 050 | 1 | 4 |
_bHG8077 _a.S245 1976 |
| 090 |
_aTOBBK HG8077 _b.S245 1976 |
||
| 100 | 1 |
_aSağlam, Sedat _eauthor _9139873 |
|
| 245 | 1 | 0 |
_aSigorta muhasebesi / _cSedat Sağlam. |
| 264 | 3 |
_a[Place of publication not identified] : _bTavilli Matbaası, _c1976. |
|
| 300 |
_a310 pages ; _c24 cm |
||
| 336 |
_2rdacontent _atext _btxt |
||
| 337 |
_aunmediated _bn _2rdamedia |
||
| 338 |
_avolume _bnc _2rdacarrier |
||
| 650 | 7 |
_aSigorta _xMuhasebe _2etuturkob _9132471 |
|
| 942 |
_2z _cBK |
||